| 000 | 00444nab a2200145Ia 4500 | ||
|---|---|---|---|
| 003 | ES-SlBCS | ||
| 005 | 20210601135701.0 | ||
| 008 | 140529s1995 xxu||||| |||| 00| 0 spa d | ||
| 041 | _aspa | ||
| 100 | 1 |
_aNandy, Ashis _9235307 |
|
| 245 | 0 | 0 |
_aSecularismo, nacionalismo hindú y temores del pueblo _c Ashis Nandy |
| 650 | 0 | 4 |
_aNacionalismo Hindú-Secularismo _9235308 |
| 773 | 0 |
_tConcilium _gnº. 262, 1995, págs. 1069-1088 _wRev134 |
|
| 942 | _cAR | ||
| 999 |
_c632237 _d632237 |
||